000 00612nam a2200169 i 4500
001 bg
245 0 _aSzkolenie samochdowe :
_bćwiczenia dla studentów ubiegających się o prawo jazdy kategorii B i C /
_coprac. Jacek Wierciński.
250 _aWyd.2 rozsz. o kategorię D.
260 _aKraków :
_bPK,
_c1987.
490 1 _aPomoce Dydaktyczne / Politechnika Krakowska im. Tadeusza Kościuszki
700 1 _aWierciński, Jacek
830 0 _aPomoce Dydaktyczne (Politechnika Krakowska im. Tadeusza Kościuszki)
040 _cBPK
041 _apol
942 _cKS
008 s pl f |000 0 pol
999 _c3690
_d3690
856 _uhttp://koha.tu.koszalin.pl/cgi-bin/koha/opac-detail.pl?biblionumber=3690
_yKatalog online BPK